Hệ sinh thái nông nghiệp và phát triển bền vững

Giới thiệu về hệ sinh thái nông nghiệp và một số nguyên lý thực hành phục vụ cho mục tiêu xây dựng và phát triển một số nền nông nghiệp bền vững: Đa dạng sinh học và chức năng của sinh vật đất, đa dạng sinh học, chức năng của hệ sinh thái...

Cur síos iomlán

Đã lưu trong:
Sonraí Bibleagrafaíochta
Príomhúdar: Phạm Bình Quyền
Formáid: Leabhar
Teanga:Vietnamese
Foilsithe: H. Đại học Quốc gia Hà Nội 2007
Eagrán:In lần thứ 2
Ábhair:
Clibeanna: Cuir Clib Leis
Gan Chlibeanna, Bí ar an gcéad duine leis an taifead seo a chlibeáil!
Thư viện lưu trữ: Mạng thư viện Đại học Đà Nẵng
LEADER 01463nam a2200361 4500
001 000009119
003 5313
005 20120314150325.0
008 111025s2007 viesd
020 |c 22000đ 
041 0 |a vie 
082 |a 577  |b PH-Q 
100 0 |a Phạm Bình Quyền 
245 0 |a Hệ sinh thái nông nghiệp và phát triển bền vững  |c Phạm Bình Quyền 
250 |a In lần thứ 2 
260 |a H.  |b Đại học Quốc gia Hà Nội  |c 2007 
300 |a 174tr  |c 24cm 
504 |a Mục lục đầu sách 
520 |a Giới thiệu về hệ sinh thái nông nghiệp và một số nguyên lý thực hành phục vụ cho mục tiêu xây dựng và phát triển một số nền nông nghiệp bền vững: Đa dạng sinh học và chức năng của sinh vật đất, đa dạng sinh học, chức năng của hệ sinh thái 
653 |a Hệ sinh thái 
653 |a Nông nghiệp 
653 |a Phát triển bền vững 
910 |a Thương  |d 25/10/2011 
OWN |a LSP 
AVA |a UDN50  |b LSP  |d 577 PH-Q  |e check_holdings  |t Error 5003 Not defined in file expand_doc_bib_avail.  |h N  |k 1 
999 |a From the UDN01 
AVA |a UDN50  |b LSP  |d 577 PH-Q  |e available  |t Error 5001 Not defined in file expand_doc_bib_avail.  |f 59  |g 2  |h N  |i 7  |k 1 
TYP |a Monograph 
TYP |a Printed language 
980 |a Mạng thư viện Đại học Đà Nẵng